| Tag |
First Indicator |
Second Indicator |
Subfields |
| LEADER |
00000cam a2200000 i 4500 |
| 001 |
in00000051876 |
| 005 |
20151007074049.0 |
| 008 |
761201nuuuuuuuuenk 000 1 eng d |
| 035 |
|
|
|a (OCoLC)02588522
|
| 035 |
|
|
|9 AAF0871AM
|
| 040 |
|
|
|a NMW
|c NMW
|d UtOrBLW
|
| 049 |
|
|
|a TXAS
|c [1700119]
|
| 090 |
|
|
|a PZ3.R39136
|b Bl
|
| 100 |
1 |
|
|a Richards, R. P. J.
|
| 245 |
1 |
4 |
|a The blonde goddess.
|
| 264 |
|
1 |
|a London :
|b Ken-Pax Publishing Co.,
|c [date of publication not identified]
|
| 300 |
|
|
|a 237 pages ;
|c 22 cm.
|
| 336 |
|
|
|a text
|b txt
|2 rdacontent
|
| 337 |
|
|
|a unmediated
|b n
|2 rdamedia
|
| 338 |
|
|
|a volume
|b nc
|2 rdacarrier
|
| 650 |
|
0 |
|a Rosicrucians
|x Fiction.
|
| 999 |
|
|
|a MARS
|
| 999 |
f |
f |
|s a8b0631a-0e90-3da0-b00f-6a07e5b243d3
|i 24f44d94-4492-3274-aff2-f07444050299
|t 0
|
| 952 |
f |
f |
|p noncirc
|a Texas A&M University
|b College Station
|c Cushing Memorial Library & Archives
|d Cushing: Science Fiction (Does not check out)
|t 0
|e PZ3.R39136 Bl
|h Library of Congress classification
|i unmediated -- volume
|m A14800425728
|
| 998 |
f |
f |
|a PZ3.R39136 Bl
|t 0
|l Cushing: Science Fiction (Does not check out)
|